<?xml version="1.0" encoding="UTF-8"?><?xml-stylesheet type="text/xsl" href="static/style.xsl"?><OAI-PMH xmlns="http://www.openarchives.org/OAI/2.0/" xmlns:xsi="http://www.w3.org/2001/XMLSchema-instance" xsi:schemaLocation="http://www.openarchives.org/OAI/2.0/ http://www.openarchives.org/OAI/2.0/OAI-PMH.xsd"><responseDate>2026-06-04T19:54:53Z</responseDate><request verb="GetRecord" identifier="oai:riuma.uma.es:10630/17476" metadataPrefix="marc">https://riuma.uma.es/rest/oai/request</request><GetRecord><record><header><identifier>oai:riuma.uma.es:10630/17476</identifier><datestamp>2026-02-03T11:00:56Z</datestamp><setSpec>com_10630_2254</setSpec><setSpec>col_10630_37953</setSpec></header><metadata><record xmlns="http://www.loc.gov/MARC21/slim" xmlns:dcterms="http://purl.org/dc/terms/" xmlns:doc="http://www.lyncode.com/xoai" xmlns:xsi="http://www.w3.org/2001/XMLSchema-instance" xsi:schemaLocation="http://www.loc.gov/MARC21/slim http://www.loc.gov/standards/marcxml/schema/MARC21slim.xsd">
   <leader>00925njm 22002777a 4500</leader>
   <datafield ind2=" " ind1=" " tag="042">
      <subfield code="a">dc</subfield>
   </datafield>
   <datafield ind2=" " ind1=" " tag="720">
      <subfield code="a">Arias-Maldonado, Manuel Jesús</subfield>
      <subfield code="e">author</subfield>
   </datafield>
   <datafield ind2=" " ind1=" " tag="260">
      <subfield code="c">2019-04-04</subfield>
   </datafield>
   <datafield ind2=" " ind1=" " tag="520">
      <subfield code="a">The critique of human domination is a tenet of environmental thinking. Now, the rise of the Anthropocene has increased the risk that survivalism obscures nonhuman emancipation as a public and private goal: if the conversation about the Anthropocene keeps focusing on the dangerous disruption of planetary systems, fear of extinction can relegate nonhuman emancipation indefinitely. Furthermore, the language of the Anthropocene privileges terms such as «transformation» or «hybridization», overshadowing how nature has been, and continues to be, colonized by human beings. Unsurprisingly, the name of the new epoch puts humanity at the center of Earth's history, turning the «anthropos» into the main character of the planetary drama. It would thus seem that the Anthropocene's irruption hinders the critique and removal of domination. However, as this paper will argue, that is not necessarily the case. The Anthropocene can provide a more realistic account of socionatural relations and thus put past and present domination into a wider context. In turn, this opens up new possibilities for the critique of domination -possibilities that do not rely on traditional arguments regarding capitalism's rapaciousness or human's lack of empathy. While the complete absence of domination will remain an ideal goal for the time being, an enlightened or managed domination can meaningfully reduce the harm done to nature in a non-ideal world and prepare us for a future where humanity self-consciously overcomes the acquired habit of domination.</subfield>
   </datafield>
   <datafield ind1="8" ind2=" " tag="024">
      <subfield code="a">https://hdl.handle.net/10630/17476</subfield>
   </datafield>
   <datafield tag="653" ind2=" " ind1=" ">
      <subfield code="a">Naturaleza - Efectos del hombre</subfield>
   </datafield>
   <datafield tag="653" ind2=" " ind1=" ">
      <subfield code="a">Hibridación</subfield>
   </datafield>
   <datafield ind2="0" ind1="0" tag="245">
      <subfield code="a">Domination in the Anthropocene</subfield>
   </datafield>
</record>
</metadata></record></GetRecord></OAI-PMH>